| 000 | 00408cam a2200181ua 4500 | ||
|---|---|---|---|
| 020 | _c3.50 | ||
| 041 |
_ahin _h |
||
| 082 |
_a891.54 _bDEE/VI |
||
| 100 | _aDeerandra, Varma . | ||
| 245 |
_aVichar-dara / _cDeerandra Varma. _hTheses |
||
| 250 |
_a5 / _b. |
||
| 260 |
_aAgra : _bSahitya Bhawan , _c1956. |
||
| 300 | _a206 ; . | ||
| 365 | _a3.50 | ||
| 504 | _a | ||
| 942 | _cBK | ||
| 999 |
_c8203 _d8203 |
||